00877 a2200241 450000500170000000800410001702000170005804000440007504100080011910000360012724500420016326000260020530000160023149000290024750500750027650500570035150500580040850500260046650500570049260000380054965000240058765000240061120151019101921.0151005b2014 gw ||||fr 000 0 ger d a978378732422 aCO-BoUCMbspacLuz CupitradLuz Cupitra0 ager1 aNietzsche, Friedrichd1844-190000aPhilosophische werke in sechs bände c2014bMeineraDeutsch a5 volumenes aPhilosophiche Bibliothek gV.651tJenseits von gut und böse (1886): Die Geburt der Tragödie  gV. 652tMenschliches, allzumenschiliche. Erster band gV. 653tMenschliches, allzumenschiliche. zwiter band. gV. 654tMorgenröthe gV. 655tDie fröhliche wissenschaft wir Furchtlosen14aNietzsche, Friedrich d1844-1900 07aFilosofía alemana07aFilosofía griega